| 000 | 02264nam a22003977a 4500 | ||
|---|---|---|---|
| 003 | OSt | ||
| 005 | 20260421145155.0 | ||
| 008 | 230627b mp ||||| |||| 00| 0 mon d | ||
| 020 |
_a978-99929-2-211-8 _q(зөөлөн хавтастай) |
||
| 040 |
_aMN-MNUMS _bMON _crda _dMN-MNUMS _eMN-MNUMS |
||
| 082 |
_221 _a912 _bР 96 |
||
| 100 |
_aГустав Йон Рамстедт _962972 _eзохиогч |
||
| 245 |
_aДорно этгээдэд долоон удаа : Черемис, Халимаг, Афганистан, Туркестан, Монголоор аялсан тэмдэглэл : 1898-1912 / _cЗохиогч: Густав Йон Рамстедт; Англи хэлнээс орчуулсан: М. Саруул-Эрдэнэ; Хянан тохиолдуулсан: Ж. Урангуа |
||
| 264 |
_aУлаанбаатар: _bСэлэнгэпресс ХХК, _c2019. |
||
| 300 |
_a234 хуудастай: _bзурагтай; _g22 см. |
||
| 505 | _tГарчиг | ||
| 505 | _tАнгли хэлээр орчуулсан Жон Крюгерийн тэмдэглэл | ||
| 505 | _tМонгол орчуулагчийн өмнөтгөл | ||
| 505 | _tТалархал | ||
| 505 | _tНэг. Суралцаж асан он жилүүд | ||
| 505 | _tХоёр. Черемис, Сибириэр аялсан минь | ||
| 505 | _tГурав. Монголд. 1898 он | ||
| 505 | _tДөрөв. Халимаг тээгээр аялсан минь | ||
| 505 | _tТав. Их Моголчуудын мөрөөр. 1903 он | ||
| 505 | _tЗургаа. Дорнод Туркестанаар аялсан минь. 1905 он | ||
| 505 | _tДолоо. Монголд. 1909 он | ||
| 505 | _tНайм. Монголд. 1912 он | ||
| 546 |
_aмонгол _bкирилл |
||
| 650 | 4 |
_aаялал _971020 |
|
| 650 | 4 |
_aжуулчлал _971021 |
|
| 650 | 4 | _aтүүх | |
| 700 |
_aСаруул-Эрдэнэ, Мягмарын _eОрчуулагч _971017 |
||
| 700 |
_aУрангуа, Жамсрангийн _eХянан тохиолдуулагч _971018 |
||
| 710 |
_aМонгол Улсын Боловсролын Их Сургууль _bМонгол судлалын төв _eЭрхэлсэн байгууллага _971019 |
||
| 942 |
_2ddc _cHIST |
||
| 999 |
_c31961 _d31961 |
||